La partie du mot (click quiz) - Statistiques

Statistiques générales
  • Ce quiz a été pris 93 fois
  • Le résultat moyen est 6 sur 12
Statistiques - réponses
Hint Réponse % Correct
Verbe pouvoir en anglais Cancer
76%
Contraire de la mort Vierge
69%
De gazelle, si c'est un gâteau oriental Capricorne
65%
Asticot Verseau
61%
Pièce du jeu de dames et d'échec Scorpion
60%
Lieu où l'on danse Balance
59%
On le respire Sagittaire
56%
ça se mange et c'est vert Poissons
53%
Attacher avec un lien Bélier
48%
Ville de Seine-et-Marne Gémeaux
36%
Particule Lion
33%
Liquide incolore Taureau
18%
Aucun quiz correspondant
Distribution des résultats
% des personnes avec chaque résultat
Percentile par nombre de réponses
Votre historique - résultats
Vous n’avez pas pris ce quiz